|
|
|
|
| LEADER |
01522nam a2200385 i 4500 |
| 001 |
EBC6181383 |
| 003 |
MiAaPQ |
| 005 |
20200805122940.0 |
| 006 |
m o d | |
| 007 |
cr cnu|||||||| |
| 008 |
200805s2020 xx o 000 0 eng d |
| 020 |
|
|
|a 9781839823374 (e-book)
|
| 035 |
|
|
|a (MiAaPQ)EBC6181383
|
| 035 |
|
|
|a (Au-PeEL)EBL6181383
|
| 035 |
|
|
|a (OCoLC)1152058996
|
| 040 |
|
|
|a MiAaPQ
|b eng
|e rda
|e pn
|c MiAaPQ
|d MiAaPQ
|
| 050 |
|
4 |
|a HF5415
|b .C668 2020
|
| 082 |
0 |
|
|a 910.688
|2 23
|
| 245 |
0 |
4 |
|a The contribution of events to destination revitalisation and competitiveness /
|c editors, Nicholas Wise and Tanja Armenski.
|
| 264 |
|
1 |
|a [Place of publication not identified] :
|b Emerald Publishing Limited,
|c [2020]
|
| 264 |
|
4 |
|c 2020
|
| 300 |
|
|
|a 1 online resource (101 pages).
|
| 336 |
|
|
|a text
|b txt
|2 rdacontent
|
| 337 |
|
|
|a computer
|b c
|2 rdamedia
|
| 338 |
|
|
|a online resource
|b cr
|2 rdacarrier
|
| 490 |
0 |
|
|a Journal of Place Management and Development ;
|v Volume 13, Number 1
|
| 588 |
|
|
|a Description based on print version record.
|
| 590 |
|
|
|a Electronic reproduction. Ann Arbor, MI : ProQuest, 2018. Available via World Wide Web. Access may be limited to ProQuest affiliated libraries.
|
| 650 |
|
0 |
|a Place marketing.
|
| 650 |
|
0 |
|a Real estate management.
|
| 655 |
|
4 |
|a Electronic books.
|
| 700 |
1 |
|
|a Wise, Nicholas,
|e editor.
|
| 700 |
1 |
|
|a Armenski, Tanja,
|e editor.
|
| 797 |
2 |
|
|a ProQuest (Firm)
|
| 856 |
4 |
0 |
|u https://ebookcentral.proquest.com/lib/matrademy/detail.action?docID=6181383
|z Click to View
|